Guía de estudios carreras y planes 1994 : vol. 1 /

Guardado en:
Formato: Libro
Publicado: Buenos Aires : Guías de Estudios, 1993
Etiquetas: Agregar Etiqueta
Sin Etiquetas, Sea el primero en etiquetar este registro!
LEADER 00410nam a22001335a 4500
001 CEM.cems007546
005 20060214000000.0
008 130507s1993##################000#0#####d
003 CEMS
082 0 4 |a 371.425 
245 0 0 |a Guía de estudios carreras y planes 1994 :  |b vol. 1 / 
260 |a Buenos Aires :  |b Guías de Estudios,  |c 1993 
300 |a 273 p. 
859 |a CEMS  |b BIB. CEMS - 11 de abril  |h 371.425  |i G94-1/1994  |p 17637.94  |t Ej.1